Statistiken für Städte nach historischem Bild

Klicken Sie hier um das Quiz zu spielen!

Allgemein

  • Dieses Quiz wurde 120 mal gespielt
  • Das Durchschnittsergebnis liegt bei 6 aus 12

Antwortstatistiken

Antwort% Korrekt
London
97%
New York
80%
Paris
79%
Rom
74%
Tokio
63%
Dresden
42%
Hamburg
35%
Istanbul
35%
Rio de Janeiro
33%
Turin
19%
San Francisco
12%
Sankt Petersburg
8%

Verteilung der Resultate

Perzentil nach korrekt beantworteten Fragen

Anzahl Personen mit jedem Resultat

Ihre Resultats-Entwicklung

Sie haben dieses Quiz noch nicht gespielt